000 00269nam a22001217a 4500
008 180214b xxu||||| |||| 00| 0 eng d
041 _aeng
080 _a62
100 _a26
101 _aMEK
245 _aHANDBOOK OF ELECTRODE TECHNOLOGY
_cORION
942 _2udc
_cBK
999 _c42536
_d42536